00438nam a2200193Ia 4500003000900000008004100009040001300050040001300063041000800076100001900084100001100103245006500114250001200179260001500191260000900206300001100215300001200226490000600238IT-RoPAU120407s9999 xx 000 0 und d aIT-RoPAU cIT-RoPAU aita aAngelo Selesio cpseudo aIl Pellegrino Cherubico. Antologia a cura di Giuseppe Faggin aVicenza aLa Locusta c1981 a100 p. c17,5 cm v1